Unabhängigkeit durch Pluralität.
Efektívnosť novej organizácie bánk po zjednotení Nemecka a spory medzi centralistami a decentralistami. Federatívny princíp v organizácii vzťahov zemských bánk a bankového centra. Otázka stability meny v nových podmienkach. Práva zemských ministrov. Deľba právomocí v systéme bánk. Európska ceduľová...
Salvato in:
| Autore principale: | |
|---|---|
| Natura: | Capitolo di libro |
| Lingua: | tedesco |
| Soggetti: | |
| Tags: |
Nessun Tag, puoi essere il primo ad aggiungerne!!
|
MARC
| LEADER | 00000naa a2200000 4500 | ||
|---|---|---|---|
| 001 | r005371 | ||
| 005 | 20221208122815.4 | ||
| 041 | 0 | |a ger | |
| 044 | |a DE | ||
| 245 | 1 | 0 | |a Unabhängigkeit durch Pluralität. |c K. Nemitz |
| 520 | |a Efektívnosť novej organizácie bánk po zjednotení Nemecka a spory medzi centralistami a decentralistami. Federatívny princíp v organizácii vzťahov zemských bánk a bankového centra. Otázka stability meny v nových podmienkach. Práva zemských ministrov. Deľba právomocí v systéme bánk. Európska ceduľová banka. | ||
| 610 | 2 | 0 | |a banky |
| 610 | 2 | 0 | |a štruktúra organizačná |
| 610 | 2 | 0 | |a Nemecko |
| 610 | 2 | 0 | |a stabilita meny |
| 610 | 2 | 0 | |a sústava banková |
| 100 | 1 | |a Nemitz, K. | |